[Event "ROM-ch blitz"]
[Site "Bucharest"]
[Date "2022.03.13"]
[Round "1"]
[White "Gales, Randi Ioan"]
[Black "Ignatescu, Radu Mihai"]
[Result "1/2-1/2"]
[WhiteElo "1509"]
[BlackElo "2294"]
[PlyCount "59"]
[EventDate "2022.03.13"]
[EventType "swiss (blitz)"]
[EventRounds "9"]
[EventCountry "ROU"]
[SourceTitle "EXT 2023"]
[Source "ChessBase"]
[SourceDate "2022.10.05"]
[SourceVersion "1"]
[SourceVersionDate "2022.10.05"]
[SourceQuality "1"]

1. d4 d5 2. c4 e6 3. Nc3 c6 4. e4 dxe4 5. Nxe4 Bb4+ 6. Bd2 Qxd4 7. Bxb4 Qxe4+ 8. Be2 Nd7 9. Nf3 c5 10. Bc3 Ngf6 11. Qd6 Qc6 12. Qg3 Rg8 13. 0-0 Ne4 14. Qf4 Nxc3 15. bxc3 Nf6 16. Ne5 Qe4 17. Qxe4 Nxe4 18. Rac1 f6 19. Nd3 Bd7 20. Rfd1 Bc6 21. f3 Nd6 22. Nxc5 Ke7 23. Nb3 Nf5 24. Kf2 Rgd8 25. Na5 Rxd1 26. Rxd1 Rd8 27. Rb1 Rd2 28. Nxc6+ bxc6 29. Rb7+ Rd7 30. Rb2 1/2-1/2

[Event "EU-ch Online U2300 Qual"]
[Site "Chess.com INT"]
[Date "2020.05.25"]
[Round "1"]
[White "Ignatescu, Radu Mihai"]
[Black "Materia, Marco"]
[Result "1-0"]
[WhiteElo "2294"]
[BlackElo "2269"]
[PlyCount "87"]
[EventDate "2020.05.25"]
[EventType "swiss"]
[EventRounds "8"]
[EventCountry "NET"]
[SourceTitle "EXT 2021"]
[Source "ChessBase"]
[SourceDate "2020.10.23"]
[SourceVersion "1"]
[SourceVersionDate "2020.10.23"]
[SourceQuality "1"]

1. d4 Nf6 2. Bg5 d5 3. Nf3 e6 4. Nbd2 Be7 5. e3 0-0 6. Bd3 c5 7. c3 b6 8. Ne5 Bb7 9. f4 Qc8 10. 0-0 Ba6 11. Bxa6 Qxa6 12. f5 Qc8 13. Qf3 Nc6 14. Rac1 Nd7 15. Bxe7 Ndxe5 16. dxe5 Nxe7 17. f6 Ng6 18. fxg7 Kxg7 19. Qh5 Qd8 20. Nf3 Rc8 21. Ng5 h6 22. Rxf7+ Rxf7 23. Nxe6+ Kh7 24. Nxd8 Rxd8 25. Rf1 Rxf1+ 26. Kxf1 Re8 27. e6 Rxe6 28. Qxd5 Re7 29. e4 Kg7 30. g3 Re5 31. Qc6 Kf7 32. Kf2 Re6 33. Qd5 Ne7 34. Qb7 a5 35. Kf3 Kf6 36. h4 h5 37. g4 hxg4+ 38. Kxg4 Ng6 39. h5 Ne5+ 40. Kf4 Nd3+ 41. Ke3 Nxb2 42. h6 Nc4+ 43. Kf4 Nd6 44. Qg7# 1-0

[Event "EU-ch Online U2300 Qual"]
[Site "Chess.com INT"]
[Date "2020.05.25"]
[Round "7"]
[White "Ignatescu, Radu Mihai"]
[Black "Papadopoulos, Georgios1111"]
[Result "0-1"]
[WhiteElo "2294"]
[BlackElo "2347"]
[PlyCount "89"]
[EventDate "2020.05.25"]
[EventType "swiss"]
[EventRounds "8"]
[EventCountry "NET"]
[SourceTitle "EXT 2021"]
[Source "ChessBase"]
[SourceDate "2020.10.23"]
[SourceVersion "1"]
[SourceVersionDate "2020.10.23"]
[SourceQuality "1"]

1. d4 Nf6 2. Bg5 d5 3. Nd2 Nbd7 4. e3 g6 5. c4 c6 6. cxd5 cxd5 7. Bd3 Bg7 8. Ngf3 0-0 9. 0-0 b6 10. Rc1 Bb7 11. h3 Ne4 12. Bf4 Rc8 13. Qe2 Nxd2 14. Qxd2 Nf6 15. Rxc8 Bxc8 16. Rc1 Ne4 17. Qb4 Bf5 18. Ne5 Bxe5 19. Bxe5 h5 20. Rc7 e6 21. Qe7 Qxe7 22. Rxe7 f6 23. Bc7 Rc8 24. Ba6 Rf8 25. f3 Nd2 26. Kf2 Rf7 27. Rxf7 Kxf7 28. Bb8 Bb1 29. a3 Nc4 30. Bxa7 Nxb2 31. Bxb6 e5 32. Ke2 e4 33. Kd2 exf3 34. gxf3 Bf5 35. h4 g5 36. Bb7 Nc4+ 37. Kc3 Nxb6 38. e4 gxh4 39. exd5 h3 40. d6 Be6 41. f4 h2 42. a4 Nd5+ 43. Bxd5 Bxd5 44. a5 h1Q 45. d7 0-1

[Event "EU-ch Online U2300 Qual"]
[Site "Chess.com INT"]
[Date "2020.05.25"]
[Round "5"]
[White "Ignatescu, Radu Mihai"]
[Black "Travica, Robert"]
[Result "0-1"]
[WhiteElo "2294"]
[BlackElo "2002"]
[PlyCount "88"]
[EventDate "2020.05.25"]
[EventType "swiss"]
[EventRounds "8"]
[EventCountry "NET"]
[SourceTitle "EXT 2021"]
[Source "ChessBase"]
[SourceDate "2020.10.23"]
[SourceVersion "1"]
[SourceVersionDate "2020.10.23"]
[SourceQuality "1"]

1. d4 d5 2. Nf3 Nf6 3. Bg5 Nbd7 4. Nbd2 e6 5. e3 Be7 6. Bd3 h6 7. Bh4 c5 8. c3 b6 9. 0-0 Bb7 10. Ne5 0-0 11. f4 Rc8 12. g4 Ne4 13. Bg3 Nxd2 14. Qxd2 Nxe5 15. fxe5 cxd4 16. exd4 Bg5 17. Bf4 Bxf4 18. Rxf4 Qg5 19. Raf1 f6 20. Qf2 h5 21. h4 Qh6 22. g5 Qh8 23. gxf6 gxf6 24. Kh2 f5 25. Bxf5 exf5 26. Rxf5 Qh6 27. Rg1+ Kh8 28. Rgg5 Rxf5 29. Qxf5 Rf8 30. Qd7 Bc8 31. Qxd5 Bg4 32. Qe4 Rf2+ 33. Kg1 Qf8 34. Qe3 Rf3 35. Qe1 Qf4 36. e6 Re3 37. Qf2 Qxf2+ 38. Kxf2 Rxe6 39. Kg3 Re3+ 40. Kf4 Re2 41. d5 Rxb2 42. Ke5 Rxa2 43. d6 Rd2 44. c4 a5 0-1

[Event "ROM-chT"]
[Site "Romania"]
[Date "2002.??.??"]
[Round "5"]
[White "Breahna, Radu"]
[Black "Ignatescu, Radu Mihai"]
[Result "0-1"]
[WhiteElo "2389"]
[BlackElo "2273"]
[PlyCount "76"]
[EventDate "2002.??.??"]
[EventType "team"]
[EventRounds "5"]
[EventCountry "ROU"]
[SourceTitle "EXT 2008"]
[Source "ChessBase"]
[SourceDate "2007.11.25"]
[SourceVersion "1"]
[SourceVersionDate "2007.11.25"]
[SourceQuality "1"]

1. c4 e6 2. Nf3 d5 3. b3 Nf6 4. Bb2 Be7 5. g3 0-0 6. Bg2 b6 7. 0-0 Bb7 8. d3 Nbd7 9. Qc2 c5 10. Nbd2 Qc7 11. Rac1 Rac8 12. cxd5 exd5 13. d4 Rfe8 14. Qf5 g6 15. Qb1 Qb8 16. Qa1 Rcd8 17. dxc5 bxc5 18. e3 h6 19. Ne5 Qd6 20. Rfd1 Qb6 21. Nxd7 Nxd7 22. e4 d4 23. Nc4 Qe6 24. Qb1 Bf8 25. Re1 Nf6 26. f3 g5 27. g4 Nd7 28. Bf1 Ne5 29. Nxe5 Qxe5 30. Bc4 h5 31. gxh5 g4 32. fxg4 Qf4 33. Qd3 Qxg4+ 34. Qg3 Qxg3+ 35. hxg3 Bxe4 36. Kf2 Bh6 37. Rcd1 Be3+ 38. Kf1 Rd6 0-1

[Event "ROM-chT2"]
[Site "Sovata"]
[Date "1997.??.??"]
[Round "?"]
[White "Biro, Sandor"]
[Black "Ignatescu, Radu Mihai"]
[Result "1/2-1/2"]
[WhiteElo "2320"]
[BlackElo "2260"]
[PlyCount "110"]
[EventDate "1997.10.??"]
[EventType "team-tourn"]
[EventRounds "7"]
[EventCountry "ROU"]
[SourceTitle "EXT 2000"]
[Source "ChessBase"]
[SourceDate "1999.11.16"]
[SourceVersion "1"]
[SourceVersionDate "1999.11.16"]
[SourceQuality "1"]

1. e4 c5 2. c3 d5 3. exd5 Qxd5 4. d4 Nc6 5. Nf3 Bg4 6. Be2 0-0-0 7. 0-0 Nf6 8. Be3 e5 9. c4 Qe6 10. d5 Qe8 11. Nbd2 Bxf3 12. Bxf3 Nd4 13. Bxd4 exd4 14. Re1 Qd7 15. b4 cxb4 16. Nb3 b6 17. Nxd4 Bc5 18. Nc6 Rde8 19. Qa4 a5 20. Qb5 Rxe1+ 21. Rxe1 Re8 22. Rxe8+ Qxe8 23. Qa6+ Kc7 24. Qa7+ Kd6 25. Kf1 Nd7 26. g3 f5 27. Qb7 a4 28. Na7 Ke5 29. Qc6 a3 30. Nb5 b3 31. Bg2 f4 32. Qc7+ Kf6 33. Qxf4+ Ke7 34. axb3 Nf6 35. Qe5+ Kf8 36. Qa1 Qe7 37. Bh3 Ne4 38. Be6 Qf6 39. Qe1 Qf3 40. d6 Nxf2 41. Bd5 Nd3+ 42. Bxf3 Nxe1 43. Nxa3 Nxf3 44. Nb5 Nd4 45. b4 Bxb4 46. Nxd4 Bxd6 47. Ke2 Kf7 48. Kd3 Kf6 49. Ke4 h5 50. Ne2 Kg5 51. h3 g6 52. Kd5 Bc5 53. Nc3 Kf5 54. Ne4 Bg1 55. Nd6+ Kf6 1/2-1/2

[Event "ROM-chT"]
[Site "Romania"]
[Date "1994.??.??"]
[Round "?"]
[White "Breahna, Radu"]
[Black "Ignatescu, Radu Mihai"]
[Result "1-0"]
[WhiteElo "2335"]
[BlackElo "2305"]
[PlyCount "91"]
[EventDate "1994.??.??"]
[EventType "team"]
[EventRounds "10"]
[EventCountry "ROU"]
[SourceTitle "EXT 1997"]
[Source "ChessBase"]
[SourceDate "1996.11.15"]
[SourceVersion "1"]
[SourceVersionDate "1996.11.15"]
[SourceQuality "1"]

1. d4 d5 2. c4 e6 3. Nc3 c6 4. e3 Nf6 5. Nf3 Nbd7 6. Qc2 Bd6 7. e4 dxe4 8. Nxe4 Nxe4 9. Qxe4 Bb4+ 10. Bd2 Bxd2+ 11. Nxd2 0-0 12. Bd3 Nf6 13. Qh4 e5 14. 0-0-0 Qxd4 15. Qxd4 exd4 16. Nb3 Ng4 17. Rd2 Rd8 18. Re1 f6 19. f4 h5 20. Bg6 Nh6 21. Nxd4 Bd7 22. Bxh5 Nf5 23. Nb3 b6 24. Red1 Ne3 25. Rxd7 Nxd1 26. Rxd8+ Rxd8 27. Bxd1 c5 28. Bf3 Kf7 29. h4 Ke6 30. Bg4+ Ke7 31. Kc2 g6 32. Nd2 Rd4 33. g3 g5 34. hxg5 fxg5 35. Nf3 Rxc4+ 36. Kd3 Rb4 37. Nxg5 Rxb2 38. Ne4 Rxa2 39. f5 a5 40. f6+ Kf8 41. Be6 Rg2 42. Ke3 a4 43. Kf3 Rg1 44. Kf2 Rh1 45. g4 a3 46. g5 1-0

[Event "ROM-chT"]
[Site "Romania"]
[Date "1994.??.??"]
[Round "?"]
[White "Ignatescu, Radu Mihai"]
[Black "Foisor, Ovidiu Doru"]
[Result "0-1"]
[WhiteElo "2305"]
[BlackElo "2435"]
[PlyCount "54"]
[EventDate "1994.??.??"]
[EventType "team"]
[EventRounds "10"]
[EventCountry "ROU"]
[SourceTitle "EXT 1997"]
[Source "ChessBase"]
[SourceDate "1996.11.15"]
[SourceVersion "1"]
[SourceVersionDate "1996.11.15"]
[SourceQuality "1"]

1. d4 Nf6 2. Bg5 g6 3. Bxf6 exf6 4. e4 d6 5. Bd3 Nc6 6. c3 Ne7 7. Qe2 Bg7 8. f4 0-0 9. Nd2 f5 10. 0-0-0 fxe4 11. Nxe4 Nd5 12. Qf3 c6 13. Ne2 f5 14. Nf2 Re8 15. Bc4 Be6 16. Bb3 a5 17. Rhg1 a4 18. Bc2 Bf7 19. Qd3 Ne3 20. Rde1 Bc4 21. Qd2 Bxa2 22. Nd1 Nxc2 23. Kxc2 Bd5 24. Nc1 Be4+ 25. Nd3 c5 26. dxc5 dxc5 27. N1f2 c4 0-1

[Event "ROM-chT"]
[Site "Romania"]
[Date "1993.??.??"]
[Round "6"]
[White "Grunberg, Mihai Lucian"]
[Black "Ignatescu, Radu Mihai"]
[Result "1-0"]
[WhiteElo "2205"]
[BlackElo "2345"]
[PlyCount "47"]
[EventDate "1993.??.??"]
[EventType "team"]
[EventRounds "9"]
[EventCountry "ROU"]
[SourceTitle "EXT 1998"]
[Source "ChessBase"]
[SourceDate "1997.11.17"]
[SourceVersion "1"]
[SourceVersionDate "1997.11.17"]
[SourceQuality "1"]

1. f4 d5 2. Nf3 c6 3. g3 g6 4. Bg2 Bg7 5. c3 Nf6 6. 0-0 0-0 7. a4 a5 8. Ne5 Nfd7 9. d4 f6 10. Nxd7 Nxd7 11. e4 dxe4 12. Bxe4 e5 13. f5 gxf5 14. Bxf5 Nb6 15. Bc2 exd4 16. cxd4 Bh3 17. Qh5 Qxd4+ 18. Rf2 Rfe8 19. Bd2 Bg4 20. Qxh7+ Kf8 21. Nc3 Rad8 22. Bh6 f5 23. Bxf5 Bxf5 24. Bxg7+ 1-0

[Event "ROM-chT"]
[Site "Romania"]
[Date "1993.??.??"]
[Round "1"]
[White "Ignatescu, Radu Mihai"]
[Black "Dumitrescu, Dragos"]
[Result "0-1"]
[WhiteElo "2345"]
[BlackElo "2290"]
[PlyCount "80"]
[EventDate "1993.??.??"]
[EventType "team"]
[EventRounds "9"]
[EventCountry "ROU"]
[SourceTitle "EXT 1998"]
[Source "ChessBase"]
[SourceDate "1997.11.17"]
[SourceVersion "1"]
[SourceVersionDate "1997.11.17"]
[SourceQuality "1"]

1. d4 Nf6 2. Nf3 g6 3. Bg5 Bg7 4. Nbd2 d5 5. e3 c5 6. c3 Qb6 7. Qb3 Qxb3 8. axb3 cxd4 9. Nxd4 Bd7 10. Nb5 Bxb5 11. Bxb5+ Nbd7 12. e4 e6 13. 0-0-0 0-0-0 14. exd5 exd5 15. Be3 a6 16. Be2 Rhe8 17. Rhe1 Ne4 18. Nf3 Ndc5 19. Kc2 Ne6 20. Nd4 Bxd4 21. Bxd4 Nxd4+ 22. Rxd4 f5 23. Bf3 Re7 24. c4 Rc7 25. Red1 Nxf2 26. R1d2 Ng4 27. Bxd5 Rxd5 28. Rxd5 Ne3+ 29. Kd3 Nxd5 30. cxd5 Re7 31. Kd4 Re4+ 32. Kc5 Kc7 33. d6+ Kd7 34. b4 Re5+ 35. Rd5 b6+ 36. Kd4 Re2 37. Re5 Rxb2 38. Re7+ Kxd6 39. Rxh7 Rxg2 40. Kc3 Rg4 0-1

[Event "ROM-ch U20"]
[Site "Singeorz"]
[Date "1993.??.??"]
[Round "?"]
[White "Ignatescu, Radu Mihai"]
[Black "Sofronie, Iulian"]
[Result "1/2-1/2"]
[WhiteElo "2140"]
[BlackElo "2305"]
[PlyCount "26"]
[EventDate "1993.??.??"]
[EventType "swiss"]
[EventRounds "11"]
[EventCountry "ROU"]
[SourceTitle "TD"]
[Source "ChessBase"]
[SourceDate "1994.03.01"]
[SourceVersion "1"]
[SourceVersionDate "1994.03.01"]
[SourceQuality "1"]

1. d4 Nf6 2. Bg5 g6 3. Bxf6 exf6 4. e4 d5 5. Bd3 c5 6. exd5 Qxd5 7. Nc3 Qxd4 8. Nf3 Qd8 9. Qe2+ Be6 10. Rd1 Qc8 11. 0-0 Be7 12. Rfe1 0-0 13. Bc4 Nc6 1/2-1/2

[Event "ROM-ch U20"]
[Site "Singeorz"]
[Date "1993.??.??"]
[Round "?"]
[White "Nisipeanu, Liviu Dieter"]
[Black "Ignatescu, Radu Mihai"]
[Result "1-0"]
[WhiteElo "2395"]
[BlackElo "2140"]
[PlyCount "107"]
[EventDate "1993.??.??"]
[EventType "swiss"]
[EventRounds "11"]
[EventCountry "ROU"]
[SourceTitle "TD"]
[Source "ChessBase"]
[SourceDate "1994.03.01"]
[SourceVersion "1"]
[SourceVersionDate "1994.03.01"]
[SourceQuality "1"]

1. e4 d5 2. exd5 Qxd5 3. Nc3 Qa5 4. d4 Nf6 5. Nf3 Bg4 6. Be2 Nc6 7. 0-0 0-0-0 8. Ng5 Be6 9. Nxe6 fxe6 10. Be3 e5 11. d5 Nxd5 12. Bg4+ Kb8 13. Nxd5 Qxd5 14. Qxd5 Rxd5 15. Rad1 Rxd1 16. Rxd1 g6 17. Rd7 Bg7 18. c3 Rd8 19. Kf1 Rxd7 20. Bxd7 Nd8 21. Be8 c6 22. h4 Bf6 23. h5 g5 24. h6 Kc7 25. f3 b6 26. Kf2 Nb7 27. Bf7 Kd7 28. Bg8 Nd6 29. g4 e6 30. Ke2 c5 31. a4 c4 32. Bxh7 Nf7 33. Bb1 Nxh6 34. Ba2 e4 35. Bxc4 exf3+ 36. Kxf3 Nf7 37. Ke4 Nd6+ 38. Kd3 Nf7 39. Kc2 Kd6 40. b4 Bd8 41. Be2 Kd5 42. c4+ Ke4 43. Bg1 Ne5 44. c5 Nf3 45. Bxf3+ Kxf3 46. a5 bxa5 47. b5 Kxg4 48. c6 Kf4 49. c7 Bxc7 50. Bh2+ Ke4 51. Bxc7 Kd5 52. Kb3 e5 53. Ka4 e4 54. Bb8 1-0